000 00532nam a22001817a 4500
005 20231115070125.0
008 231115b |||||||| |||| 00| 0 eng d
020 _a9780409118360 ; 978040912237
041 _aEnglish
082 _a344.5 BUR
100 _aBurns, Y
_lEnglish
245 _aCommunications Law /
_cY Burns
250 _a3rd Edition
260 _aDurban :
_bLexisNexis (Pty) Ltd,
_c2015
300 _bxxi, 683 pages ;
_c25 cm.
650 _aLegal practice
_bLaw
942 _cBK
_6ALISON_BN_VRIES
999 _c647
_d647